000 00705nam a22002297a 4500
003 UA-OsUOA
001 44937
007 ta
008 20110713b un ||||| |||| 00| 0 ukr d
090 _a94(477).152 (К)
_bС82
942 _cBK
040 _aUA-OsUOA
_bukr
_cUA-OsUOA
_dUA-OsUOA
245 _aСторіччя української поселення в Канаді
300 _a131 с.
955 _a4
041 _aukr
080 _a94(477).152 (К)
260 _aВінніпег
_c1991
650 7 _a9 Географія. Біографії. Історія
_2UDC
999 _c425039
_d425039